00683nam a22001817a 4500999001900000005001700019010001500036020002700051035001400078037001300092082001100105245007800116260003000194270010800224300002100332942002500353952012300378 c194926d19492620230131103331.0 aENG-136081 a9788180388279c1095.00 aEN-119613 bDBAD/PUB a343.03 aTax Law Dictionary:bWith Legal Maxims, Latin Terms, and Words & Phrases/ aHaryanabLexisNexisc2013 a14th Floor, Building No. 10, Tower-B, DLF Cyber City, Phase-IIbGurgaone122002mhelp.in@lexisnexis.com a779p.c24cm(pbk) 2ddccENh343.03mTAX 001040708NFICaMPbMPd2023-01-31eDBAD/PUBg1095.00l0o343.03 TAXpEN-119613r2023-01-31 00:00:00t1v1095.00yEN